000 00400nam a2200157Ia 4500
008 221030s9999 xx 000 0 und d
020 _a0070587183
041 _aEnglish
082 _a105.23
_bBal
100 _aV. K. Balakrishnan
245 0 _aSchaum`s Theroy & Problems of Graph Theory
_cby V. K. Balakrishnan
260 _bTMH
_aJammu
_c2006
300 _a293
650 _aComputers
942 _cBK
999 _c2403
_d2403